| 000 | 00605nam a2200205Ia 4500 | ||
|---|---|---|---|
| 001 | 12474 | ||
| 003 | GE_BSU | ||
| 008 | 181216s||||||||xx |||||||||||||| ||und|| | ||
| 040 | _cGE_BSU | ||
| 080 | _a633(072) | ||
| 100 | _aГуменюк,А.А. | ||
| 245 | _aМетодика преподавания растениеводства | ||
| 245 | _cРед.В.Н.Озеров. Ю.Г.Челышкин | ||
| 260 | _aМосква | ||
| 260 | _bКолос | ||
| 260 | _c1971 | ||
| 300 | _a224стр.21см. | ||
| 653 | _aМетодика преподавания растениеводства | ||
| 942 | _cBK | ||
| 999 |
_c45648 _d45648 |
||